[Event "10. Nordic Cup"]
[Site "Pohja"]
[Date "1985.10.??"]
[Round "6.5"]
[White "Hoiberg, Nina "]
[Black "Feustel, Petra "]
[Result "1/2-1/2"]
[WhiteElo "2180"]
[BlackElo "2130"]
[PlyCount "86"]
[EventDate "1985.10.??"]
[EventType "team-tourn"]
[EventRounds "7"]
[EventCountry "FIN"]
[WhiteTeam "Danmark"]
[BlackTeam "Vestyskland"]
[WhiteTeamCountry "DEN"]
[BlackTeamCountry "GER"]

1. e4 e6 2. Nf3 d5 3. e5 Ne7 4. Be2 b6 5. O-O Qd7 6. Ne1 Ba6 7. d3 c5 8. f4
Nbc6 9. c3 Bb7 10. Na3 g6 11. Nf3 h5 12. Nc2 Nf5 13. d4 Be7 14. Ne3 Nxe3 15.
Bxe3 c4 16. Ng5 Bf8 17. Bf2 Ne7 18. Qe1 Nf5 19. Bd1 Bc6 20. Bc2 Nh6 21. Bh4 Ba4
22. Bb1 Be7 23. Nf3 Qd8 24. Ng5 Qd7 25. Qg3 O-O-O 26. b3 cxb3 27. axb3 Bxb3 28.
Bd3 Kb8 29. Rfb1 Bc4 30. Bxc4 dxc4 31. Qf2 Nf5 32. Qa2 Qb7 33. Bf2 Rd5 34. Nxf7
Rc8 35. Ng5 Bxg5 36. fxg5 Rc6 37. Qe2 b5 38. Qa2 a6 39. Qa3 Qe7 40. Qc1 Qc7 41.
Qa3 Qe7 42. Qc1 Qb7 43. Qa3 Qe7 1/2-1/2

[Event "10. Nordic Cup"]
[Site "Pohja"]
[Date "1985.10.??"]
[Round "6.6"]
[White "Wahls, Matthias "]
[Black "Danielsen, Henrik "]
[Result "1/2-1/2"]
[WhiteElo "2285"]
[BlackElo "2365"]
[PlyCount "104"]
[EventDate "1985.10.??"]
[EventType "team-tourn"]
[EventRounds "7"]
[EventCountry "FIN"]
[WhiteTeam "Vestyskland"]
[BlackTeam "Danmark"]
[WhiteTeamCountry "GER"]
[BlackTeamCountry "DEN"]

1. e4 c5 2. Nf3 Nc6 3. d4 cxd4 4. Nxd4 Nf6 5. Nc3 d6 6. Bg5 Bd7 7. Be2 Qa5 8.
Bxf6 gxf6 9. Nb3 Qb6 10. Nd5 Qd8 11. O-O e6 12. Ne3 Be7 13. Qd2 O-O 14. Rad1
Qc7 15. f4 Rad8 16. Bg4 Kh8 17. Bh3 b5 18. Qe2 Qb6 19. Kh1 a5 20. f5 a4 21. Nc1
Ne5 22. Nd3 b4 23. Rfe1 Nxd3 24. Qxd3 Qc5 25. Qc4 Rc8 26. fxe6 fxe6 27. Bxe6
Qe5 28. Bxd7 Rxc4 29. Nxc4 Qc5 30. Ne3 a3 31. bxa3 bxa3 32. Be6 Bd8 33. Nc4 Re8
34. Bf7 Re7 35. Bd5 Re8 36. Bf7 Rf8 37. Be6 Bc7 38. Rf1 Qh5 39. Bd5 Bb8 40. Rf3
Ba7 41. Nxa3 Qe8 42. Rb1 Qa4 43. Rh3 Rb8 44. Rxb8+ Bxb8 45. Rg3 h5 46. Rg8+ Kh7
47. Rxb8 Qxa3 48. Rb1 Qc3 49. Bb3 h4 50. h3 Kh6 51. a4 Qb4 52. Ra1 Qxe4 1/2-1/2

[Event "10. Nordic Cup"]
[Site "Pohja"]
[Date "1985.10.??"]
[Round "7.1"]
[White "Yrjola, Jouni "]
[Black "Hansen, Curt "]
[Result "0-1"]
[WhiteElo "2460"]
[BlackElo "2500"]
[PlyCount "80"]
[EventDate "1985.10.??"]
[EventType "team-tourn"]
[EventRounds "7"]
[EventCountry "FIN"]
[WhiteTeam "Finland"]
[BlackTeam "Danmark"]
[WhiteTeamCountry "FIN"]
[BlackTeamCountry "DEN"]

1. d4 Nf6 2. c4 e6 3. Nf3 c5 4. d5 exd5 5. cxd5 d6 6. Nc3 g6 7. Nd2 Bg7 8. e4
O-O 9. Be2 Na6 10. O-O Re8 11. f3 Nc7 12. a4 b6 13. Nc4 Ba6 14. Bg5 h6 15. Be3
Bxc4 16. Bxc4 a6 17. Qd2 Kh7 18. Rab1 Qd7 19. b4 b5 20. Be2 c4 21. Rbe1 Qe7 22.
a5 Nh5 23. Bb6 Nf4 24. Rf2 Rac8 25. Bd4 Qg5 26. Kf1 Qh5 27. g3 Nd3 28. Bxg7
Nxf2 29. Bd4 Nd3 30. Bxd3 cxd3 31. Kg2 g5 32. Qxd3 Qg6 33. Rf1 Re7 34. f4 gxf4
35. Rxf4 Ne8 36. h3 h5 37. Qf3 Rc4 38. Ne2 Rxb4 39. Rh4 Ng7 40. Bxg7 Rbxe4 0-1

[Event "10. Nordic Cup"]
[Site "Pohja"]
[Date "1985.10.??"]
[Round "7.2"]
[White "Hoi, Carsten"]
[Black "Rantanen, Yrjo "]
[Result "1-0"]
[WhiteElo "2420"]
[BlackElo "2420"]
[PlyCount "84"]
[EventDate "1985.10.??"]
[EventType "team-tourn"]
[EventRounds "7"]
[EventCountry "FIN"]
[WhiteTeam "Danmark"]
[BlackTeam "Finland"]
[WhiteTeamCountry "DEN"]
[BlackTeamCountry "FIN"]

1. d4 Nf6 2. c4 e6 3. Nc3 Bb4 4. e3 O-O 5. Bd3 Nc6 6. Nf3 Re8 7. O-O e5 8. dxe5
Bxc3 9. bxc3 Nxe5 10. Nxe5 Rxe5 11. Qc2 d6 12. e4 Qe8 13. f3 Ra5 14. Be3 Nd7
15. f4 b6 16. e5 Nf8 17. Be4 Rb8 18. Rae1 dxe5 19. Bd4 Qa4 20. Qxa4 Rxa4 21.
Bxe5 Rxc4 22. Bd4 Ba6 23. Rf3 c5 24. Be5 Rd8 25. Rg3 Ng6 26. Rd3 Rf8 27. Bxg6
hxg6 28. Rd7 Ra8 29. Re3 Bb5 30. Rc7 Re8 31. Rg3 Ra4 32. c4 Rxc4 33. Rxa7 Rc1+
34. Kf2 Rc2+ 35. Kg1 Rd8 36. h4 Bc6 37. f5 Rdd2 38. Rc7 Rxg2+ 39. Rxg2 Rxg2+
40. Kf1 Be4 41. Rc8+ Kh7 42. f6 Bf5 1-0

[Event "10. Nordic Cup"]
[Site "Pohja"]
[Date "1985.10.??"]
[Round "7.3"]
[White "Westerinen, Heikki "]
[Black "Mortensen, Erling "]
[Result "1/2-1/2"]
[WhiteElo "2390"]
[BlackElo "2450"]
[PlyCount "116"]
[EventDate "1985.10.??"]
[EventType "team-tourn"]
[EventRounds "7"]
[EventCountry "FIN"]
[WhiteTeam "Finland"]
[BlackTeam "Danmark"]
[WhiteTeamCountry "FIN"]
[BlackTeamCountry "DEN"]

1. e4 c5 2. Nf3 e6 3. d4 cxd4 4. Nxd4 Nf6 5. Nc3 d6 6. Be2 Be7 7. O-O Nc6 8.
Be3 Bd7 9. Nb3 a6 10. a4 Na5 11. Nd2 Qc7 12. Bd3 O-O 13. Qe2 d5 14. exd5 exd5
15. Qf3 Be6 16. Bf4 Qb6 17. Rfe1 Rac8 18. Rab1 Rfd8 19. h3 Nc6 20. Nb3 d4 21.
Ne4 Nb4 22. a5 Qc6 23. Nxf6+ Bxf6 24. Qxc6 Rxc6 25. Be4 Nxc2 26. Bxc6 Nxe1 27.
Nc5 bxc6 28. Rxe1 d3 29. Nxa6 Bxb2 30. Nc5 Bc3 31. Rd1 Bxa5 32. Nb7 Bb3 33. Ra1
Bc3 34. Ra3 Rb8 35. Rxb3 d2 36. Bxd2 Bxd2 37. Rd3 Bb4 38. Rd7 Rc8 39. Kf1 Kf8
40. Ke2 Be7 41. Na5 Ke8 42. Ra7 Kd8 43. Nc4 Rc7 44. Ra6 Kd7 45. f4 Bc5 46. Ra5
Bd6 47. f5 Rb7 48. Ra2 Bc7 49. Ra8 Bb8 50. Kd3 Rb5 51. Ke4 g6 52. g4 Rb3 53.
Ne5+ Bxe5 54. Kxe5 f6+ 55. Kxf6 gxf5 56. gxf5 Rxh3 57. Ra7+ Kd6 58. Ra1 Rf3
1/2-1/2